00941cam a2200193 450000500170000000800410001702000220005802000210008002000210010105000210012210000220014324500600016525000110022526000650023630000200030150400280032150503650034965000330071420251013115215.0030912s2001 Ag 000 0 spa u a9505082916 (t. 1) a9505083858 (t.2) a9505085699 (t.3)04aKHA793bW39 19891 aWayar, Ernesto C.10aEvicción y vicios redhibitorios c / Ernesto C. Wayar a1a ed. aBuenos Aires : bAstrea de Alfredo y Ricardo Depalma, c2001 a3 v. ; c23 cm. aIncluye bibliografías tT.1 Teoría general de la evicción --tT.2 Evición en los contratos en particular vicios redhibitorios, Parte general --tT.3 Vicios redhibitorios, Parte especial, Compraventa, Locaciones de cosas de obras, Donación, Mutuo, Contrato oneroso de renta vitalicia, Comodato, Defensa del consumidor y del usuario, Las garantías en la relación de consumo. 72lembaEvicción zArgentina